000 01155nam a2200265 u 4500
001 000016867
005 20250311111111.0
008 100311s2008 sp ac r 001 0 spa d
020 _a9788449437700
082 _a030.7293
_bC753p
245 0 0 _aConoce tu país : Repùblica Dominicana / :
_bEnciclopedia de primaria /
_cDirección Carlos de Gispert.
260 _aBarcelona (España) :
_bGrupo Oceano,
_c2008.
300 _a200 p. :
_bil. retrs. ;
_c26 cm.
505 2 _aDónde estamos -- Ambiente natural -- Organización política y social-- La República Dominicana y sus recursos -- Ciencia y tecnología -- Nuestra historia -- Cultura
650 4 _aRecursos naturales
_zRepública Dominicana
_91560
650 4 _aGobierno local
_zRepública Dominicana
_937338
650 4 _aOrganización
_zAspectos Sociales
_937339
650 4 _aRecursos naturales
_zRepública Dominicana
_91560
650 0 _a Investigación
_92
650 4 _aTecnología
_zRepública Dominicana
_937340
651 4 _aRepública Dominicana
_xHistoria
_9170
651 4 _aRepública Dominicana
_xCultura Popular
_91947
700 1 _aGispert, Carlos
_edir.
_911248
999 _c16399
_d16399
040 _aDO-SdBNP